000 00531nam a2200229Ia 4500
003 OSt
005 20220924141930.0
006 a|||||r|||| 00| 0
007 ta
008 220923b |||||||| |||| 00| 0 ben d
024 _a299792
037 _cTextual
040 _aARTS
_cARTS
_bben
041 _2ben
_aben
082 _aQ2, 157G
100 _aMallick
245 0 _aBhagwat dharma
260 _c1931
650 _aBENGALI LITERATURE
942 _hQ2, 157G
_cTEXL
_2CC
999 _c448706
_d448706